000
00312nam a22001217a 4500
008
230619b xxu||||| |||| 00| 0 eng d
020
_a
964472299X
082
_a
297.2
_b
ORG
245
_a
Islamic View on Human Rights
260
_a
Iran
_b
Alhoda Publishers and Distributors
300
_a
XIII,399p
942
_2
ddc
_c
BK
999
_c
1268
_d
1268